Networking institutions of learning schoolnet /
| Corporate Authors: | , , |
|---|---|
| Other Authors: | |
| Format: | Electronic eBook |
| Language: | English French |
| Published: |
Ottawa, Ont. ; Dakar [Senegal] : Dakar [Senegal] :
International Development Research Centre ; Council for the Development of Social Science Research in Africa,
2004.
|
| Series: | Canadian electronic library. Books collection.
Technologies de l'information et de la communication pour le developpement en Afrique. v. 3. |
| Subjects: | |
| Online Access: | Click to View |
| LEADER | 01993nam a2200457Ia 4500 | ||
|---|---|---|---|
| 001 | EBC266923 | ||
| 003 | MiAaPQ | ||
| 005 | 20200520144314.0 | ||
| 006 | m o d | | ||
| 007 | cr cn||||||||| | ||
| 008 | 030701s2004 onca sb 000 0 eng d | ||
| 010 | |z 2003405332 | ||
| 020 | |z 155250008X (v. 3) | ||
| 035 | |a (MiAaPQ)EBC266923 | ||
| 035 | |a (Au-PeEL)EBL266923 | ||
| 035 | |a (CaPaEBR)ebr10137733 | ||
| 035 | |a (CaONFJC)MIL71780 | ||
| 035 | |a (OCoLC)936832134 | ||
| 040 | |a MiAaPQ |c MiAaPQ |d MiAaPQ | ||
| 041 | 1 | |a eng |h fre | |
| 050 | 4 | |a HC800.Z9 |b I55813 2004 | |
| 082 | 0 | 4 | |a 338.96/02 |2 22 |
| 245 | 0 | 0 | |a Networking institutions of learning |h [electronic resource] : |b schoolnet / |c ed. by Tina James. |
| 260 | |a Ottawa, Ont. ; |a Dakar [Senegal] : |b International Development Research Centre ; |a Dakar [Senegal] : |b Council for the Development of Social Science Research in Africa, |c 2004. | ||
| 300 | |a xxvii, 264 p. : |b ill. | ||
| 490 | 1 | |a Information and communication technologies for development in Africa ; |v v. 3 | |
| 504 | |a Includes bibliographical references. | ||
| 533 | |a Electronic reproduction. Ann Arbor, MI : ProQuest, 2015. Available via World Wide Web. Access may be limited to ProQuest affiliated libraries. | ||
| 650 | 0 | |a Information technology |z Africa. | |
| 650 | 0 | |a Telecommunication |z Africa. | |
| 650 | 0 | |a Telecommuting centers |z Africa. | |
| 650 | 0 | |a Community development |z Africa. | |
| 655 | 4 | |a Electronic books. | |
| 700 | 1 | |a James, Tina. | |
| 710 | 2 | |a International Development Research Centre (Canada) | |
| 710 | 2 | |a Codesria. | |
| 710 | 2 | |a ProQuest (Firm) | |
| 730 | 0 | |a Technologies de l'information et de la communication pour le developpement en Afrique. |l English. | |
| 830 | 0 | |a Canadian electronic library. |p Books collection. | |
| 830 | 0 | |a Technologies de l'information et de la communication pour le developpement en Afrique. |l English ; |v v. 3. | |
| 856 | 4 | 0 | |u https://ebookcentral.proquest.com/lib/matrademy/detail.action?docID=266923 |z Click to View |


